Every Major League Baseball Team - Statistics

General Stats
  • This quiz has been taken 252 times
  • The average score is 66 of 140
Answer Stats
Group League Years Team % Correct
Defunct Union Association 1884 Boston Reds
95%
Defunct Players League 1890 Boston Reds
95%
Reds National League 1890 - 1952 Cincinnati Reds
95%
Reds National League 1959 - Present Cincinnati Reds
95%
Defunct National League 1878 - 1880 Cincinnati Reds
95%
Braves National League 1966 - Present Atlanta Braves
94%
Defunct Union Association 1884 Cincinnati Outlaw Reds
94%
Braves National League 1912 - 1935 Boston Braves
93%
Braves National League 1941 - 1952 Boston Braves
93%
Phillies National League 1883 - Present Philadelphia Phillies
93%
Dodgers National League 1958 - Present Los Angeles Dodgers
92%
Braves National League 1953 - 1965 Milwaukee Braves
92%
Mets National League 1962 - Present New York Mets
92%
Dodgers National League 1911 - 1913 Brooklyn Dodgers
91%
Dodgers National League 1932 - 1957 Brooklyn Dodgers
91%
Cubs National League 1902 - Present Chicago Cubs
91%
Yankees American League 1913 - Present New York Yankees
91%
Rockies National League 1993 - Present Colorado Rockies
90%
Pirates National League 1891 - Present Pittsburgh Pirates
90%
Nationals National League 2005 - Present Washington Nationals
90%
Defunct American Association 1884 Washington Nationals
90%
Defunct Union Association 1884 Washington Nationals
90%
Diamondbacks National League 1998 - Present Arizona Diamondbacks
89%
Red Sox American League 1908 - Present Boston Red Sox
89%
White Sox American League 1904 - Present Chicago White Sox
89%
Marlins National League 1993 - 2011 Florida Marlins
89%
Marlins National League 2012 - Present Miami Marlins
89%
Orioles American League 1901 - 1901 Milwaukee Brewers
89%
Brewers American League 1970 - 1997 Milwaukee Brewers
89%
Defunct American Association 1891 Milwaukee Brewers
89%
Defunct Union Association 1884 Milwaukee Brewers
89%
Giants National League 1885 - 1957 New York Giants
89%
Defunct Players League 1890 New York Giants
89%
Padres National League 1969 - Present San Diego Padres
89%
Giants National League 1958 - Present San Francisco Giants
89%
Cardinals National League 1900 - Present St. Louis Cardinals
89%
Defunct Players League 1890 Chicago Pirates
88%
Mariners American League 1977- Present Seattle Mariners
86%
Orioles American League 1954 - Present Baltimore Orioles
83%
Yankees American League 1901 - 1902 Baltimore Orioles
83%
Defunct American Association 1882 - 1891 Baltimore Orioles
83%
Angels American League 1961- 1965 Los Angeles Angels
83%
Angels American League 2005- Present Los Angeles Angels
83%
Angels American League 1997- 2004 Anaheim Angels
82%
Angels American League 1966- 1996 California Angels
82%
Astros National League 1965- 2012 Houston Astros
82%
Blue Jays American League 1977- Present Toronto Blue Jays
82%
Rays American League 2008 - Present Tampa Bay Rays
81%
Guardians American League 1915- 2021 Cleveland Indians
79%
Athletics American League 1968- Present Oakland Athletics
79%
Tigers American League 1901 - Present Detroit Tigers
78%
Athletics American League 1955- 1967 Kansas City Athletics
78%
Twins American League 1961 - Present Minnesota Twins
78%
Athletics American League 1901- 1954 Philadelphia Athletics
78%
Defunct National League 1876 Philadelphia Athletics
78%
Defunct American Association 1882 - 1890 Philadelphia Athletics
78%
Defunct Players League 1890 Philadelphia Athletics
78%
Rangers American League 1972 - Present Texas Rangers
78%
Guardians American League 2022- Present Cleveland Guardians
74%
Royals American League 1969 - Present Kansas City Royals
73%
Nationals National League 1969 - 2004 Montreal Expos
72%
Rays American League 1998 - 2007 Tampa Bay Devil Rays
58%
Rangers American League 1961 - 1971 Washington Senators
54%
Twins American League 1901 - 1960 Washington Senators
54%
Defunct American Association 1891 Washington Senators
54%
Orioles American League 1902 - 1953 St. Louis Browns
46%
Cardinals American Association 1883 - 1891 St. Louis Browns
46%
Defunct Union Association 1884 Chicago Browns
44%
Reds American Association 1882 - 1889 Cincinnati Red Stockings
43%
Defunct National League 1876 - 1877 Cincinnati Red Stockings
43%
White Sox American League 1901 - 1903 Chicago White Stockings
38%
Brewers American League 1969 Seattle Pilots
37%
Cubs National League 1876 - 1889 Chicago White Stockings
36%
Guardians American League 1901- 1904 Cleveland Blues
34%
Defunct National League 1879 - 1884 Cleveland Blues
34%
Defunct Federal League 1915 Buffalo Blues
33%
Defunct American Association 1887 - 1888 Cleveland Spiders
32%
Astros National League 1962- 1964 Houston Colt .45s
32%
Red Sox American League 1901 - 1907 Boston Americans
26%
Cubs National League 1890 - 1897 Chicago Colts
23%
Yankees American League 1903 - 1912 New York Highlanders
22%
Braves National League 1883 - 1906 Boston Beaneaters
21%
Reds National League 1953 - 1958 Cincinnati Redlegs
21%
Defunct National League 1878 - 1885 Providence Grays
20%
Dodgers American Association 1885 - 1887 Brooklyn Grays
19%
Defunct American Association 1890 Syracuse Stars
18%
Guardians American League 1905- 1914 Cleveland Naps
17%
Defunct Union Association 1884 Kansas City Cowboys
17%
Defunct National League 1886 Kansas City Cowboys
17%
Defunct American Association 1888 - 1889 Kansas City Cowboys
17%
Dodgers National League 1914 - 1931 Brooklyn Robins
15%
Braves National League 1936 - 1940 Boston Bees
14%
Defunct Federal League 1914 - 1915 Kansas City Packers
13%
Defunct National League 1879 - 1885 Buffalo Bisons
12%
Defunct Players League 1890 Buffalo Bisons
12%
Defunct Union Association 1884 St. Paul Saints
12%
Dodgers National League 1899 - 1910 Brooklyn Superbas
11%
Defunct Federal League 1915 Chicago Whales
11%
Defunct American Association 1882 - 1891 Louisville Colonels
11%
Defunct American Association 1883 - 1887 New York Metropolitans
11%
Cardinals American Association 1882 St. Louis Brown Stockings
11%
Defunct American Association 1890 Rochester Broncos
10%
Dodgers American Association 1888 - 1889 Brooklyn Bridegrooms
9%
Cubs National League 1898 - 1901 Chicago Orphans
9%
Defunct National League 1881 - 1888 Detroit Wolverines
9%
Giants National League 1883 - 1884 New York Gothams
9%
Braves National League 1907 - 1910 Boston Doves
8%
Braves National League 1876 - 1882 Boston Red Caps
8%
Defunct Federal League 1914 Buffalo BufFeds
8%
Pirates American Association 1882 - 1886 Pittsburgh Alleghenys
8%
Defunct Union Association 1884 St. Louis Maroons
7%
Defunct American Association 1884 Toledo Blue Stockings
7%
Defunct National League 1879 - 1882 Troy Trojans
7%
Braves National League 1911 Boston Rustlers
6%
Defunct American Association 1883-1884 Columbus Buckeyes
6%
Defunct American Association 1884 Indianapolis Hoosiers
6%
Defunct Federal League 1914 Indianapolis Hoosiers
6%
Defunct Federal League 1914 - 1915 Pittsburgh Rebels
6%
Cardinals National League 1899 - 1899 St. Louis Perfectos
6%
Dodgers American Association 1884 Brooklyn Atlantics
5%
Defunct Federal League 1914 Chicago Federals
5%
Defunct Federal League 1914 - 1915 St. Louis Terriers
5%
Defunct Federal League 1914 -1915 Brooklyn Tip-Tops
4%
Defunct National League 1880 - 1882 Worcester Ruby Legs
4%
Defunct Union Association 1884 Altoona Mountain Citys
3%
Defunct Union Association 1884 Baltimore Monumentals
3%
Defunct Federal League 1914 -1915 Baltimore Terrapins
3%
Defunct American Association 1890 Brooklyn Gladiators
3%
Defunct Players League 1890 Brooklyn Ward's Wonders
3%
Defunct Federal League 1915 Newark Peppers
3%
Defunct Union Association 1884 Philadelphia Keystones
3%
Defunct Federal League 1914 Pittsburgh Stogies
3%
Defunct Union Association 1884 Pittsburgh Stogies
3%
Defunct American Association 1884 Richmond Virginians
3%
Defunct Union Association 1884 Wilmington Quicksteps
3%
Defunct American Association 1891 Cincinnati Kelly's Killers
2%
Defunct Players League 1890 Cleveland Infants
2%
Defunct American Association 1889-1891 Columbus Solons
2%
Defunct Players League 1890 Pittsburgh Burghers
2%
Defunct American Association 1890 Toledo Maumees
2%
No matching quizzes found
Score Distribution
Percent of People with Each Score
Percentile by Number Answered
Your Score History
You have not taken this quiz